[Event "Valencia Autonomico Sur-A"]
[Site "Valencia"]
[Date "2009.01.31"]
[Round "4.3"]
[White "Garcia Amoros, Pablo"]
[Black "Costa Costa, Enrique"]
[Result "1/2-1/2"]
[WhiteElo "2172"]
[BlackElo "2064"]
[PlyCount "46"]
[EventDate "2009.01.10"]
[EventType "team-tourn"]
[EventRounds "5"]
[EventCountry "ESP"]
[SourceTitle "EXT 2011"]
[Source "ChessBase"]
[SourceDate "2010.11.26"]
[SourceVersion "1"]
[SourceVersionDate "2010.11.26"]
[SourceQuality "1"]

1. e4 d6 2. d4 e5 3. Nf3 Nd7 4. Bc4 c6 5. 0-0 Be7 6. Nc3 b5 7. Bb3 Ngf6 8. a3 0-0 9. Re1 a6 10. h3 Qc7 11. Bg5 h6 12. Bh4 g6 13. g4 Kg7 14. Qd2 h5 15. gxh5 Rh8 16. hxg6 fxg6 17. Bg3 Nh5 18. Ng5 Bxg5 19. Qxg5 Nhf6 20. Qd2 Rxh3 21. Kg2 Nf8 22. Rh1 Rh5 23. Bh4 N8h7 1/2-1/2

[Event "Narciso Yepes Memorial"]
[Site "Lorca"]
[Date "2005.??.??"]
[Round "?"]
[White "Costa Costa, Enrique"]
[Black "Camacho Collados, Jose"]
[Result "1-0"]
[WhiteElo "2024"]
[BlackElo "2236"]
[PlyCount "65"]
[EventDate "2005.07.01"]
[EventType "swiss"]
[EventRounds "9"]
[EventCountry "ESP"]
[SourceTitle "CBM 107 Extra"]
[Source "ChessBase"]
[SourceDate "2005.09.01"]
[SourceVersion "1"]
[SourceVersionDate "2005.09.01"]
[SourceQuality "1"]

1. d4 Nf6 2. Nf3 g6 3. Bf4 Bg7 4. e3 c5 5. c3 b6 6. Bc4 d5 7. Be2 0-0 8. h3 Bb7 9. 0-0 Nbd7 10. Nbd2 e6 11. Ne5 Qe7 12. a4 a6 13. Rb1 Rfd8 14. b4 Ne4 15. Nxe4 dxe4 16. Nxd7 Rxd7 17. bxc5 bxc5 18. Qb3 e5 19. dxe5 Bxe5 20. Bxe5 Qxe5 21. a5 Rc8 22. Rfd1 Rxd1+ 23. Rxd1 Qc7 24. Rb1 Bc6 25. Bxa6 Rd8 26. Qb6 Qd6 27. Be2 Qf6 28. Qxc5 Rd5 29. Rb8+ Rd8 30. Rxd8+ Qxd8 31. Qxc6 Qxa5 32. Bc4 Qf5 33. Bd5 1-0